000 00451nam a22001697a 4500
003 NUST - PNEC
005 20170116181140.0
008 151008b xxu||||| |||| 00| 0 eng d
020 _a8178084651
040 _cLIBRARY
082 _a660.284 THO
100 _914581
_aThomson, William J.
245 _a Introduction to transport phenomena
_cWilliam J.Thomson
260 _cc 2000
650 _914583
_aTransport theory
_xGeneral
942 _2ddc
_cBK
999 _c70450
_d70450